| Tag |
First Indicator |
Second Indicator |
Subfields |
| LEADER |
00000cam a2200000Ia 4500 |
| 001 |
in00002072185 |
| 005 |
20151102052154.0 |
| 008 |
050511r20052004ie e 000 f eng |
| 020 |
|
|
|a 0340834862
|
| 035 |
|
|
|a (OCoLC)ocm60341886
|
| 040 |
|
|
|a IEKBA
|c IEKBA
|d UtOrBLW
|
| 049 |
|
|
|a TXAM
|
| 090 |
|
|
|a PR6060.O6255
|b S53 2005
|
| 100 |
1 |
|
|a Jordan, Neil,
|d 1950-
|
| 245 |
1 |
0 |
|a Shade /
|c Neil Jordan.
|
| 264 |
|
1 |
|a Dublin :
|b Hodder Headline Ireland,
|c 2005.
|
| 300 |
|
|
|a 319 pages ;
|c 24 cm.
|
| 336 |
|
|
|a text
|b txt
|2 rdacontent
|
| 337 |
|
|
|a unmediated
|b n
|2 rdamedia
|
| 338 |
|
|
|a volume
|b nc
|2 rdacarrier
|
| 651 |
|
0 |
|a Ireland.
|
| 650 |
|
0 |
|a Funeral rites and ceremonies
|v Fiction.
|
| 650 |
|
0 |
|a Murder victims' families
|v Fiction.
|
| 650 |
|
0 |
|a Murder victims
|v Fiction.
|
| 650 |
|
0 |
|a Friendship
|v Fiction.
|
| 651 |
|
0 |
|a Ireland
|v Fiction.
|
| 655 |
|
0 |
|a Psychological fiction.
|
| 948 |
|
|
|a cataloged
|b h
|c 2005/8/25
|d c
|e bwalker
|f 2:57:22 pm
|
| 994 |
|
|
|a C0
|b TXA
|
| 999 |
|
|
|a MARS
|
| 999 |
f |
f |
|s 281b39d9-3fe1-3af5-a540-409b53700eee
|i 0d1cc745-482a-38fd-a09b-25a902cd7fa5
|t 0
|
| 952 |
f |
f |
|p normal
|a Texas A&M University
|b College Station
|c Sterling C. Evans Library
|d Evans: Library Stacks
|t 0
|e PR6060.O6255 S53 2005
|h Library of Congress classification
|i unmediated -- volume
|m A14832913799
|
| 998 |
f |
f |
|a PR6060.O6255 S53 2005
|t 0
|l Evans: Library Stacks
|